MARC

LEADER 00000nam0a2200000 4500
001 278282
005 20231101235110.0
020 |a RU  |b 84-37597 
035 |a (RuTPU)RU\TPU\book\301559 
090 |a 278282 
100 |a 20141210d1984 k y0rusy5003 ca 
101 0 |a rus 
102 |a RU 
105 |a a z 000zy 
200 1 |a Геохимический метод парагенетического анализа руд  |f В. Ф. Мягков 
210 |a Москва  |c Недра  |d 1984 
215 |a 126 с.  |c ил. 
606 1 |a Рудные месторождения  |x Поиски и разведка  |x Геохимические методы  |2 stltpush  |3 (RuTPU)RU\TPU\subj\25960  |9 49991 
610 1 |a руды 
610 1 |a парагенетический анализ 
610 1 |a геохимические поля 
610 1 |a геометризация 
610 1 |a зональность 
610 1 |a строение 
675 |a 553.3/.4:550.84  |v 4 
700 1 |a Мягков  |b В. Ф.  |g Владимир Фаддеевич  |4 070 
801 0 |a RU  |b RuMRKP  |c 19950704  |g psbo 
801 1 |a RU  |b 63413507  |c 20141210 
801 2 |a RU  |b 63413507  |c 20210518  |g RCR 
942 |c BK